000 00651nam a2200193Ii 4500
003 JO-AjNU
008 230605s9999||||xx |||||||||||||| ||und||
040 _aJO-AjNU
_bara
_erda
_cJO-AjNU
041 _aara
050 1 4 _aBF698.M8352 1994
100 3 _aربيع، محمد شحاته,
_eauthor
_952919
245 0 0 _aقياس الشخصية
264 3 1 _aالاسكندرية: دار المعرفة الجامعية، 1994
300 _a495ص
_bببلوغرافيا ص 447-479
336 _atext
_btxt
_2rdacontent
337 _aunmediated
_bn
_2rdamedia
338 _avolume
_bnc
_2rdacarrier
650 4 _aالاختبارات الشخصية
_952920
999 _aA23470
_c27038
_d27038